Petŭr Alipiev : literaturna anketa /

Saved in:
Bibliographic Details
Main Author: Igov, Svetlozar.
Format: Book
Language:Bulgarian
Published: [S.l.] : Galaktika, 1995.
Edition:1. izd.
Subjects:
Tags: Add Tag
No Tags, Be the first to tag this record!
LEADER 00601nam a22002057a 4500
001 007166344-4
005 20020606163548.3
008 960924s1995 bu 00||||bul|d
020 |a 9544180745 
035 0 |a ocm37260492 
100 1 |a Igov, Svetlozar. 
245 1 0 |a Petŭr Alipiev :  |b literaturna anketa /  |c Svetlozar Igov. 
250 |a 1. izd. 
260 |a [S.l.] :  |b Galaktika,  |c 1995. 
300 |a 149 p. 
504 |a Includes bibliographical references (p. 147-149). 
600 1 0 |a Alipiev, Petŭr  |x Interviews. 
600 1 0 |a Alipiev, Petŭr  |x Criticism and interpretation. 
988 |a 20020608 
906 |0 MH